MLB Year in Review 2017 - Statistics

General Stats
  • This quiz has been taken 3 times
  • The average score is 20 of 25
Answer Stats
Category Answer % Correct
AL Rookie of the Year (NYY) Aaron Judge
100%
Wins Leader (18 CLE, LAD, CLE, KCR) Carlos Carrasco | Clayton Kershaw | Corey Kluber | Jason Vargas
100%
NLCS Loser Chicago Cubs
100%
AL Cy Young (CLE) Corey Kluber
100%
ERA Leader (2.25 CLE) Corey Kluber
100%
NL MVP (MIA) Giancarlo Stanton
100%
Home Run Leader (59 MIA) Giancarlo Stanton
100%
RBI Leader (132 MIA) Giancarlo Stanton
100%
World Series Winner Houston Astros
100%
AL MVP (HOU) Jose Altuve
100%
Batting Champion (.346 HOU) Jose Altuve
100%
WAR Leader (8.1 HOU, MIA) Jose Altuve | Giancarlo Stanton
100%
Doubles Leader (56 CLE) Jose Ramirez
100%
World Series Loser Los Angeles Dodgers
100%
Best Record (104 - 58) Los Angeles Dodgers
100%
NL Cy Young (WSN) Max Scherzer
100%
Hits Leader (213 COL) Charlie Blackmon
67%
Triples Leader (13 COL) Charlie Blackmon
67%
Strike Outs Leader (308 BOS) Chris Sale
67%
Worst Record (64 - 98) Detroit Tigers | San Francisco Giants
67%
ALCS Loser New York Yankees
67%
NL Rookie of the Year (LAD) Cody Bellinger
33%
Saves Leader (47 TBR) Alex Colome
0%
Stolen Base Leader (60 MIA) Dee Strange Gordon
0%
Name 1 HOF Inductee (JB, TR, IR) Jeff Bagwell | Tim Raines | Iván Rodríguez
0%
No matching quizzes found
Score Distribution
Percent of People with Each Score
Percentile by Number Answered
Your Score History
You have not taken this quiz